000 00365nam a2200157Ia 4500
008 230711s9999||||xx |||||||||||||| ||und||
041 _aENG
082 _a720
_bMO-A
100 _aMoore,Patrick
245 0 _aAstronomers' stars
250 _a1st Ed.
260 _c1987
_aNew Delhi
_bRoutledge and Kegan Paul
300 _a164
650 _aLiterature
942 _cBK
999 _c2056
_d2056